Search methods in artificial intelligence (Record no. 115979)

MARC details
000 -LEADER
fixed length control field 00244 a2200097 4500
020 ## - INTERNATIONAL STANDARD BOOK NUMBER
International Standard Book Number 9781009284332
100 ## - MAIN ENTRY--PERSONAL NAME
Personal name Deepak Khemani
245 ## - TITLE STATEMENT
Title Search methods in artificial intelligence
260 ## - PUBLICATION, DISTRIBUTION, ETC. (IMPRINT)
Name of publisher, distributor, etc Cambridge University Press
Date of publication, distribution, etc 2024
942 ## - ADDED ENTRY ELEMENTS (KOHA)
Koha item type On order/under processing
Holdings
Withdrawn status Lost status Damaged status Not for loan Home library Current library Date acquired Source of acquisition Cost, normal purchase price Total Checkouts Barcode Date last seen Cost, replacement price Price effective from Koha item type
        University Library University Library 17/03/2026 146 700.00   00098053 17/03/2026 875.00 17/03/2026 On order/under processing
University Library, CUSAT